000
00270nam a2200109Ia 4500
008
220216s9999 xx 000 0 und d
100
_a
Joseph J
245
0
_a
Rubber import and ASEAN agreement
260
_b
Deepika Daily
_c
2015
650
_a
ASEAN agreement
942
_c
BS
999
_c
49652
_d
49652